000 00439nam a2200193Ia 4500
008 240509s9999 xx 000 0 und d
020 _a0009559799606
041 _aEng
082 _a005.117
082 _bS24
100 _aSELVAKUMAR N.
245 0 _aC ++
260 _bJAFFNA : IIS COMPUTER INSTITUTE
260 _c2003
300 _a218 p.
650 _a C++ : OBJECT ORIENTED PROGRAMMING :
942 _2ddc
942 _cRBK
999 _c22952
_d22952
945 _a1
_bMadushi Gamage
_c1
_dMadushi Gamage